000 01016cam a22003257a 4500
003 CHAP
005 20220329141215.0
008 971010s1982 r 00010 d
010 _a64377
011 _a65349
035 _a71990
040 _cCHAP
082 _a595.7
_bR68 1982
100 0 0 _aRoss, Herbert Holdsworth.
_9100179
245 1 2 _aA textbook of entomology
250 _a4. ed.
260 _aNew York :
_bJohn Wiley & Sons,
_c1982
300 _a666 p.
_b: il.
590 _aBATCH-UPD
_b10
_c20130110
_lUCH01
_h0718
590 _aBATCH-UPD
_b10
_c20130410
_lUCH01
_h0402
590 _aBATCH-UPD
_b10
_c20130914
_lUCH01
_h1315
590 _aCONVERSION
_b10
_c20130109
_lUCH01
_h1335
650 1 4 _aEntomología.
_937113
700 0 _aRoss, Charles A.
_9100171
700 0 _aRoss, June R. P.
_9100182
901 _aBK
942 _cLIBRO
949 _a595.7 R68 1982
_bBC
_cLIBRO
_d33724000348322
_eLIBRO
_gI. 134800
_h69553
_i71990
_si
949 _a595.7 R68 1982
_bBC
_cLIBRO
_d33724000365805
_eLIBRO
_fc.2
_i71990
_si
999 _c64377
_d64377